000 00807cab a2200229 4500
001 WB3504-39
008 090401t1999 xxu||||| |||| 00| 0 eng d
035 _a(Sirsi) u90911
041 _aeng
245 _aCost savings on meeting rooms
260 _c1999
350 _a0
490 _aProperty Week
_v64(3) 22 January 1999, 7(1)
520 _aCompanies are over-estimating how much space they need for meeting rooms, which is costing them a great deal of money. Workspace specialists Morgan Lovell said companies could make savings if they spent more time evaluating the space required for meetings.
650 _aMEETING ROOMS
650 _aMORGAN LOVELL
650 _aOFFICE SPACE
650 _aSAVINGS
690 _aOFFICE SERVICES AND ADMINISTRATION
942 _n0
948 _c26/01/1999
999 _c57672
_d57672